Golden State Warriors Players - Statistics

General Stats
  • This quiz has been taken 45 times
  • The average score is 13 of 17
Answer Stats
Picture Answer % Correct
Jimmy Butler
97%
Stephen Curry
97%
Gary Peyton II
95%
Brandin Podziemski
92%
Buddy Hield
90%
Jonathan Kuminga
90%
Kevon Looney
90%
Moses Moody
85%
Pat Spencer
85%
Gui Santos
82%
Quinten Post
82%
Trayce Jackson-Davis
82%
Kevin Knox II
79%
Braxton Key
41%
Draymond Green
28%
Jackson Rowe
26%
Taran Armstrong
21%
No matching quizzes found
Score Distribution
Percent of People with Each Score
Percentile by Number Answered
Your Score History
You have not taken this quiz